Les 100 Pokémons les plus appréciés - Statistiques

Statistiques générales
  • Ce quiz a été pris 84 fois
  • Le résultat moyen est 33 sur 100
Statistiques - réponses
Hint Réponse % Correct
4 Dracaufeu
96%
19 Pikachu
94%
33 Mew
81%
95 Carapuce
80%
39 Mewtwo
78%
1 Amphinobi
75%
32 Dracolosse
71%
13 Bulbizarre
70%
8 Rayquaza
68%
15 Lugia
65%
20 Evoli
64%
96 Ho-oh
62%
40 Simiabraz
61%
2 Lucario
58%
63 Arceus
57%
10 Ectoplasma
57%
77 Giratina
57%
29 Braségali
55%
5 Noctali
55%
28 Jungko
52%
62 Drattak
49%
83 Torterra
49%
75 Zekrom
49%
7 Carchacrok
48%
46 Mentali
48%
72 Pingoléon
48%
97 Aligatueur
46%
89 Ronflex
46%
35 Typhlosion
46%
84 Celebi
45%
6 Nymphali
45%
87 reshiram
45%
56 Laggron
43%
44 Darkrai
42%
38 Tiplouf
42%
12 Tyranocif
42%
50 Héricendre
39%
49 Jirachi
39%
68 Kaiminus
39%
34 Métalosse
39%
58 Givrali
38%
81 Yveltal
36%
22 Archeduc
35%
80 Phyllali
35%
57 Suicune
35%
27 Trioxhydre
35%
47 Félinferno
33%
9 Gardevoir
33%
59 Zacian
33%
79 Victini
32%
94 Germignon
30%
31 Gobou
30%
99 Latias
30%
70 Majaspic
30%
48 Arcanin
28%
16 Brindibou
28%
66 Lokhlass
28%
100 Shaymin
28%
67 Tranchodon
28%
3 Mimiqui
26%
91 Feunard
25%
21 Luxray
23%
42 Zeraora
23%
11 Lanssorien
22%
71 Moustillon
20%
60 Oratoria
20%
55 Pyrobut
19%
73 Dedenne
17%
26 Libégon
17%
45 Muplodocus
17%
23 Zoroark
17%
36 Bruyverne
16%
18 Lugulabre
16%
37 Cizayox
14%
69 Flambusard
14%
53 Absol
12%
82 Lézargus
12%
51 Milobellus
12%
65 Pyrax
12%
25 Corvaillus
10%
88 Flambino
10%
74 Nostenfer
10%
90 Crocorible
9%
17 Exagide
9%
52 Galeking
9%
41 Pharamp
9%
24 Lougaroc
7%
30 Frissonille
6%
14 Salarsen
6%
64 Galekid
4%
76 Fouinar
3%
93 Sorcilence
3%
78 Moumouton
1%
85 Mucuscule
1%
86 Palarticho
1%
54 Sarmuraï
1%
43 Charmilly
0%
98 Farfaduvet
0%
92 Rexilius
0%
61 Voltoutou
0%
Aucun quiz correspondant
Distribution des résultats
% des personnes avec chaque résultat
Percentile par nombre de réponses
Votre historique - résultats
Vous n’avez pas pris ce quiz